[Event "Mogi das Cruzes op 09"]
[Site "Mogi das Cruzes"]
[Date "2013.09.29"]
[Round "7"]
[White "Assad, Otavio Orlando"]
[Black "De Freitas, Paulo Cesar"]
[Result "1/2-1/2"]
[WhiteElo "1640"]
[BlackElo "1615"]
[PlyCount "85"]
[EventDate "2013.09.26"]
[EventType "swiss"]
[EventRounds "7"]
[EventCountry "BRA"]
[SourceTitle "CBM 156 Extra"]
[Source "ChessBase"]
[SourceDate "2013.10.22"]
[SourceVersion "1"]
[SourceVersionDate "2013.10.22"]
[SourceQuality "1"]

1. d4 d5 2. c4 c6 3. e3 Nf6 4. Nc3 g6 5. Nf3 Bg7 6. Bd3 0-0 7. 0-0 Re8 8. cxd5 cxd5 9. h3 Nc6 10. Re1 a6 11. e4 dxe4 12. Bxe4 Nxe4 13. Rxe4 e5 14. d5 Bf5 15. Re1 Nd4 16. Nxd4 exd4 17. Ne2 Qxd5 18. Ng3 Be6 19. Bf4 Rac8 20. Rc1 Rxc1 21. Qxc1 Rc8 22. Qd2 Qxa2 23. Ne4 Qd5 24. Bg5 f5 25. Nf6+ Bxf6 26. Bxf6 Qd7 27. Qh6 Re8 28. h4 d3 29. h5 Qf7 30. Bc3 Bd7 31. Rxe8+ Bxe8 32. hxg6 Qxg6 33. Qf4 Qe6 34. Qg5+ Bg6 35. Qd8+ Be8 36. Qg5+ Qg6 37. Qf4 Bc6 38. Qb8+ Kf7 39. Qc7+ Ke6 40. Qe5+ Kd7 41. Qd4+ Qd6 42. Qg7+ Qe7 43. Qd4+ 1/2-1/2

[Event "Mogi das Cruzes op 09"]
[Site "Mogi das Cruzes"]
[Date "2013.09.27"]
[Round "3"]
[White "Rezende, Guilherme Vilela"]
[Black "De Freitas, Paulo Cesar"]
[Result "1-0"]
[WhiteElo "2085"]
[BlackElo "1615"]
[PlyCount "59"]
[EventDate "2013.09.26"]
[EventType "swiss"]
[EventRounds "7"]
[EventCountry "BRA"]
[SourceTitle "CBM 156 Extra"]
[Source "ChessBase"]
[SourceDate "2013.10.22"]
[SourceVersion "1"]
[SourceVersionDate "2013.10.22"]
[SourceQuality "1"]

1. d4 d5 2. c4 c6 3. Nf3 Nf6 4. e3 g6 5. Nc3 Bg7 6. Bd3 0-0 7. Qb3 e6 8. Bd2 Nbd7 9. a4 b6 10. cxd5 exd5 11. 0-0 Re8 12. Rfc1 Bb7 13. a5 Ne4 14. a6 Nxd2 15. Nxd2 Bc8 16. Na4 Qf6 17. Qc2 Nb8 18. Nc3 Be6 19. b4 b5 20. Nb3 Nd7 21. Na5 Rec8 22. Ne2 Nb6 23. Nf4 Nc4 24. Nb7 Bf8 25. Qc3 Bd6 26. Nxd6 Nxd6 27. Qc5 Bd7 28. Ra2 Nc4 29. Bf1 Qd6 30. Rxc4 1-0

[Event "Sao Paulo IRT op 3rd"]
[Site "Sao Paulo"]
[Date "2013.09.08"]
[Round "5"]
[White "De Freitas, Paulo Cesar"]
[Black "De Moraes, Luiz Gustavo"]
[Result "1-0"]
[WhiteElo "1615"]
[BlackElo "1314"]
[PlyCount "111"]
[EventDate "2013.09.06"]
[EventType "swiss"]
[EventRounds "6"]
[EventCountry "BRA"]
[SourceTitle "CBM 156 Extra"]
[Source "ChessBase"]
[SourceDate "2013.10.22"]
[SourceVersion "1"]
[SourceVersionDate "2013.10.22"]
[SourceQuality "1"]

1. d4 d5 2. c4 Nf6 3. Nf3 e6 4. Nc3 Be7 5. e3 0-0 6. Bd3 Bb4 7. Qc2 Bxc3+ 8. Qxc3 Nbd7 9. 0-0 Ne4 10. Bxe4 dxe4 11. Nd2 Nf6 12. h3 c6 13. f4 Bd7 14. Qc2 Qe7 15. Nxe4 Nxe4 16. Qxe4 f5 17. Qc2 Qf6 18. b3 Qg6 19. Bb2 Rac8 20. Qe2 c5 21. dxc5 Rxc5 22. Ba3 Rfc8 23. Bxc5 Rxc5 24. Rad1 Rc7 25. Rd6 h6 26. Rfd1 Bc6 27. g4 Re7 28. Kh2 Qf7 29. b4 a6 30. b5 axb5 31. cxb5 Bd5 32. a4 Rc7 33. Qd2 Qe7 34. Rxd5 exd5 35. Qxd5+ Kh7 36. Qxf5+ Kh8 37. Qd3 Rc8 38. e4 Re8 39. e5 Qf7 40. Kg3 Rf8 41. f5 Qc7 42. Qd4 Re8 43. Kf4 Qe7 44. Kg3 Qc7 45. b6 Qc2 46. e6 Qc6 47. a5 Kg8 48. h4 Kf8 49. Qd6+ Qxd6+ 50. Rxd6 Ke7 51. Rd7+ Kf6 52. Rxb7 g6 53. Rf7+ Ke5 54. b7 gxf5 55. gxf5 Rb8 56. Rd7 1-0

[Event "Sao Bernardo do Campo op"]
[Site "Sao Bernardo do Campo"]
[Date "2013.05.25"]
[Round "3"]
[White "Assef, Nathaly Regina Reis"]
[Black "De Freitas, Paulo Cesar"]
[Result "1/2-1/2"]
[WhiteElo "1473"]
[BlackElo "1756"]
[PlyCount "65"]
[EventDate "2013.05.24"]
[EventType "swiss"]
[EventRounds "6"]
[EventCountry "BRA"]
[SourceTitle "CBM 154 Extra"]
[Source "ChessBase"]
[SourceDate "2013.06.25"]
[SourceVersion "2"]
[SourceVersionDate "2013.06.25"]
[SourceQuality "1"]

1. c4 c5 2. Nc3 Nf6 3. g3 Nc6 4. Bg2 e6 5. Nf3 d5 6. cxd5 exd5 7. d3 Be6 8. 0-0 h6 9. a3 a6 10. Bd2 Bd6 11. Rb1 b5 12. Na2 a5 13. Qc2 Qc7 14. Rfc1 Rc8 15. e4 d4 16. b4 axb4 17. axb4 c4 18. dxc4 Bxc4 19. Ne1 0-0 20. Nd3 Ne5 21. Nxe5 Bxe5 22. f4 d3 23. Qd1 Bd4+ 24. Kh1 Qb6 25. Nc3 Be3 26. e5 Bxd2 27. Qxd2 Ng4 28. h3 Qe3 29. Ne4 Qxd2 30. Nxd2 Ne3 31. Be4 g6 32. Kg1 Kg7 33. Kf2 1/2-1/2

[Event "Mogi das Cruzes op 08"]
[Site "Mogi das Cruzes"]
[Date "2012.09.01"]
[Round "4"]
[White "De Souza, Eduardo Pereira"]
[Black "De Freitas, Paulo Cesar"]
[Result "0-1"]
[WhiteElo "1800"]
[BlackElo "1800"]
[PlyCount "126"]
[EventDate "2012.08.31"]
[EventType "swiss"]
[EventRounds "6"]
[EventCountry "BRA"]
[SourceTitle "CBM 150 Extra"]
[Source "ChessBase"]
[SourceDate "2012.10.19"]
[SourceVersion "1"]
[SourceVersionDate "2012.10.19"]
[SourceQuality "1"]

1. c4 c6 2. Nc3 d5 3. e3 Nf6 4. g3 e6 5. Nf3 Nbd7 6. d4 Be7 7. Bd3 h6 8. Qc2 Qc7 9. Bd2 Bd6 10. Na4 b6 11. 0-0-0 Ba6 12. c5 Bxd3 13. Qxd3 bxc5 14. dxc5 Nxc5 15. Nxc5 Bxc5 16. Bc3 Ne4 17. Bxg7 Nxf2 18. Qc3 Ne4 19. Qe1 Rh7 20. Be5 Bd6 21. Bxd6 Qxd6 22. Rf1 Rb8 23. Qa5 Qb4 24. Qxb4 Rxb4 25. Ne5 a5 26. Rd4 c5 27. Rxb4 axb4 28. Nc6 f6 29. h4 Kd7 30. Nb8+ Kc7 31. Na6+ Kb6 32. Nxb4 cxb4 33. g4 Rg7 34. g5 hxg5 35. Rg1 Rh7 36. hxg5 Nxg5 37. Rg4 Ne4 38. Rg8 Kc6 39. Rb8 Rb7 40. Re8 Kd6 41. Kd1 Ke5 42. Ke2 Rb6 43. Rc8 f5 44. a3 bxa3 45. bxa3 Rb2+ 46. Kd1 Rb3 47. Ra8 Rxe3 48. a4 Ra3 49. a5 f4 50. a6 Nd6 51. Kc2 f3 52. Kb2 Ra5 53. a7 f2 54. Rf8 Rxa7 55. Rxf2 Ne4 56. Rh2 Ra6 57. Rh5+ Kf4 58. Rh6 Rd6 59. Kb3 e5 60. Rh8 d4 61. Kc4 d3 62. Rg8 Kf3 63. Rg1 d2 0-1

[Event "Mogi das Cruzes op 08"]
[Site "Mogi das Cruzes"]
[Date "2012.08.31"]
[Round "2"]
[White "Brassoloto, Adan"]
[Black "De Freitas, Paulo Cesar"]
[Result "1-0"]
[WhiteElo "1734"]
[BlackElo "1800"]
[PlyCount "45"]
[EventDate "2012.08.31"]
[EventType "swiss"]
[EventRounds "6"]
[EventCountry "BRA"]
[SourceTitle "CBM 150 Extra"]
[Source "ChessBase"]
[SourceDate "2012.10.19"]
[SourceVersion "1"]
[SourceVersionDate "2012.10.19"]
[SourceQuality "1"]

1. e4 c5 2. d4 cxd4 3. c3 Nf6 4. e5 Nd5 5. Qxd4 e6 6. Nf3 Nc6 7. Qg4 h6 8. Be2 d6 9. Bb5 a6 10. Bxc6+ bxc6 11. Nbd2 g6 12. Nc4 Bb7 13. 0-0 Be7 14. Rd1 Qc7 15. exd6 Bxd6 16. Nxd6+ Qxd6 17. Qd4 0-0-0 18. c4 c5 19. Qd2 Qf4 20. Qxf4 Nxf4 21. Bxf4 Rxd1+ 22. Rxd1 Bxf3 23. gxf3 1-0